000
00288nam a22001337a 4500
008
170214b xxu||||| |||| 00| 0 eng d
020
_a
9780632048489
041
_a
eng
080
_a
61
100
_a
4
101
_a
SHM
245
_a
DIABETES MANAGEMENT
_c
DRUSQUER, M.H
942
_2
udc
_c
BK
999
_c
5447
_d
5447